Aula latina 2 (Registro nro. 305140)

Detalles MARC
000 -ENCABEZADO
Número de control [NR] 01048 a2200289 4500
005 - FECHA Y HORA DE LA ÚLTIMA TRANSACCIÓN
control field 20161207161452.0
008 - DE LONGITUD FIJA DE DATOS DE ELEMENTOS - INFORMACIÓN GENERAL
Elementos de longitud fija [NR] 161104s2010 sp ao||fr|||| 000 0 spa d
020 ## - NUMERO INTERNACIONAL NORMALIZADO PARA LIBROS [R]
Número Internacional Normalizado del libro [NR] 9788484432630
040 ## - FUENTE DE CATALOGACION [NR]
Agencia de catalogación original [NR] CO-BoUCM
Idioma de catalogación [NR] spa
Quien Cataloga Saul Niño
Quien Clasifica Saul Niño
041 0# - CODIGO DE IDIOMA [R]
Código de idioma para texto/pista de sonido o título separado [R] Español
245 10 - MENCION DE TITULO [NR]
Título [NR] Aula latina 2
Parte restante del título [NR] libro del alumno
Mención de responsabilidad, etc. [NR] María Elena Arévalo ... [y otros.] ; coordinación pedagógica, Neus Sans
246 ## - FORMA VARIANTE DEL TITULO [R]
Título propiamente dicho/forma breve del título [NR] Curso de español
260 ## - PUBLICACION, DISTRIBUCION, ETC. (PIE DE IMPRENTA) [R]
Lugar de publicación, distribución, etc. [R] Barcelona (España)
Nombre del editor, distribuidor, etc. [R] Difusión
Fecha de publicación, distribución, etc. [R] 2010
300 ## - DESCRIPCION FISICA [R]
Extensión [R] 171 páginas
Otros detalles físicos [NR] ilustraciones, fotografías
Material acompañante [NR] 1 DVD
650 #0 - ASIENTO SECUNDARIO DE MATERIA - TERMINO TEMATICO [R]
9 (RLIN) 45733
Término temático o nombre geográfico como elemento de entrada [NR] Lengua española
Subdivisión de forma [R] Métodos
650 #7 - ASIENTO SECUNDARIO DE MATERIA - TERMINO TEMATICO [R]
Término temático o nombre geográfico como elemento de entrada [NR] Español
Subdivisión general [R] Enseñanza
9 (RLIN) 82344
690 #0 - ASUNTO AGREGADO LOCAL DE ENTRADA - TÉRMINO TEMÁTICO (OCLC, RLIN)
Acceso temático local Lingüística aplicada
9 (RLIN) 439
700 1# - ASIENTO SECUNDARIO - NOMBRE PERSONAL [R]
Nombre personal [NR] Arévalo, María Elena
9 (RLIN) 81587
700 1# - ASIENTO SECUNDARIO - NOMBRE PERSONAL [R]
Nombre personal [NR] Bautista, Edith
9 (RLIN) 81588
700 1# - ASIENTO SECUNDARIO - NOMBRE PERSONAL [R]
Nombre personal [NR] Corpas, Jaime
9 (RLIN) 81589
700 1# - ASIENTO SECUNDARIO - NOMBRE PERSONAL [R]
Nombre personal [NR] Garmendia, Agustín
9 (RLIN) 81590
700 1# - ASIENTO SECUNDARIO - NOMBRE PERSONAL [R]
Nombre personal [NR] Jiménez, Helena
9 (RLIN) 81591
700 1# - ASIENTO SECUNDARIO - NOMBRE PERSONAL [R]
Nombre personal [NR] Soriano, Carmen
9 (RLIN) 81592
700 1# - ASIENTO SECUNDARIO - NOMBRE PERSONAL [R]
Nombre personal [NR] Sans Baulenas, Neus
Término de relación [R] coordinador
9 (RLIN) 82391
942 ## - ELEMENTOS DE ENTRADA AGREGADOS (KOHA)
Tipo de ítem principal el descrito en 300a Libro
Sistema de clasificación DEWEY
Tema principal Lingüística
Edición 1
Clasificación 468
Parte restante de la signatura top. A924do
Existencias
Fecha de último préstamo Total préstamos Total Renewals Signatura topográfica Código de barras Última vez visto Ejemplar Costo de reposición Price effective from Tipo de ítem Perdido Sistema de clasificación Dañado No prestable Tipo de ítem específico Suprimido Ubicación habitual Ubicación actual Localización Fecha de creación Proveedor Forma de adquisición Costo
22/07/2019 6 2 468 A924do 100151487 05/12/2025 Ej.1 100053.00 01/11/2016 Libro   DEWEY     Libro   Claustro Claustro 2do piso 01/11/2016 15 Compra 100053.00
22/07/2019 4   468 A924do 100150900 10/12/2024 Ej.1 26000.00 01/11/2016 Multimedia   DEWEY     DVD   Claustro Claustro Colección digital 01/11/2016 12 Donación 0.00